000 00733nam a2200265Ia 4500
003 OSt
005 20220918163422.0
006 a|||||r|||| 00| 0
007 ta
008 220917b |||||||| |||| 00| 0 eng d
020 _a0 7141 0394 2
024 _a31,793
037 _cTextual
040 _aARTS
_cARTS
_beng
041 _2eng
_aeng
082 _aO111,1K21a, L8
100 _aKelliher Hilton comp
_913040
245 0 _aAndrew Marvell
_b poet and political 1621-78
260 _aLondon
_bBritish Library UK
_c1978
300 _a128p. illus
_ccm.
500 _aBib 126-28p
650 _aENGLISH LITERATURE
942 _hO111,1K21a, L8
_cTEXL
_2CC
999 _c119487
_d119487